[Event "FIDE Open World Blitz 2021"]
[Site "Warsaw"]
[Date "2021.12.29"]
[Round "11.22"]
[White "Gelfand, Boris"]
[Black "Vokhidov, Shamsiddin"]
[Result "1-0"]
[WhiteElo "2674"]
[BlackElo "2613"]
[Annotator "ChessBase"]
[PlyCount "107"]
[EventDate "2021.12.29"]
[EventType "swiss"]
[EventCountry "POL"]
[Tiebreak "Cut1 Buchholz"]
[SourceTitle "playchess.com"]
[Source "ChessBase"]
[SourceQuality "1"]

1. Nf3 d5 2. d4 Nf6 3. c4 e6 4. g3 Bb4+ 5. Bd2 a5 6. Bg2 O-O 7. Qc1 Be7 8. O-O
c6 9. Bf4 Nbd7 10. Rd1 Nh5 11. Bg5 Bxg5 12. Nxg5 b6 13. Nf3 Ba6 14. Nbd2 Nhf6
15. Qc2 Rc8 16. Rac1 c5 17. Qb3 cxd4 18. Nxd4 Nc5 19. Qe3 Re8 20. N4b3 a4 21.
Nxc5 bxc5 22. Qa3 Qa5 23. e3 Qb4 24. Qxb4 cxb4 25. Bf1 Bb7 26. cxd5 Bxd5 27.
Bb5 Rxc1 28. Rxc1 Ra8 29. Bxa4 Bxa2 30. b3 Nd5 31. Rc4 Rd8 32. Kf1 g6 33. Ke1
Kg7 34. e4 Nc3 35. Rxb4 Nb1 36. Nxb1 Bxb1 37. f3 e5 38. Rc4 Rd3 39. Rc1 Ba2 40.
Ke2 Rxb3 41. Bxb3 Bxb3 42. Rc5 Kf6 43. Ke3 Be6 44. f4 exf4+ 45. gxf4 Kg7 46.
Kd4 Kf6 47. Rc6 h6 48. Rb6 Ke7 49. Ke5 f6+ 50. Kd4 Bd7 51. e5 fxe5+ 52. Kxe5
Bf5 53. Rb7+ Ke8 54. Kf6 1-0

[Event "FIDE Open World Blitz 2021"]
[Site "Warsaw"]
[Date "2021.12.29"]
[Round "11.22"]
[White "Elier, Ali"]
[Black "Kantor, Gergely"]
[Result "0-1"]
[WhiteElo "2194"]
[BlackElo "2566"]
[Annotator "ChessBase"]
[PlyCount "90"]
[EventDate "2021.12.29"]
[EventType "swiss"]
[EventCountry "POL"]
[Tiebreak "Cut1 Buchholz"]
[SourceTitle "playchess.com"]
[Source "ChessBase"]
[SourceQuality "1"]

1. e4 Nc6 2. Nc3 g6 3. d4 Bg7 4. Nf3 d6 5. Be3 Bg4 6. Qd2 Bxf3 7. gxf3 e5 8. d5
Nd4 9. Bxd4 exd4 10. Nb5 a6 11. Nxd4 Qf6 12. c3 h5 13. Qc2 Ne7 14. Qa4+ Kf8 15.
Be2 Bh6 16. Rg1 Bf4 17. Rg2 Rd8 18. Qc4 Rc8 19. Qb4 c5 20. dxc6 bxc6 21. Qb7 c5
22. Nc2 Kg7 23. Rb1 Qe6 24. Qxa6 h4 25. Bc4 Qh3 26. Bf1 Qxf3 27. Qe2 Qxe2+ 28.
Bxe2 h3 29. Rg3 Bxg3 30. fxg3 d5 31. exd5 Nxd5 32. a4 Rb8 33. Bb5 Nf6 34. Kf2
Ng4+ 35. Kg1 Rbd8 36. a5 Rd2 37. Ne1 Nxh2 38. a6 Ng4 39. Nf3 Rg2+ 40. Kf1 Rf2+
41. Kg1 Rxf3 42. a7 Rxg3+ 43. Kf1 h2 44. Ke2 Rg1 45. Kd2 Rxb1 0-1

[Event "FIDE Open World Blitz 2021"]
[Site "Warsaw"]
[Date "2021.12.29"]
[Round "11.23"]
[White "Petrosyan, Manuel"]
[Black "Harsha, Bharathakoti"]
[Result "1/2-1/2"]
[WhiteElo "2599"]
[BlackElo "2576"]
[Annotator "ChessBase"]
[PlyCount "67"]
[EventDate "2021.12.29"]
[EventType "swiss"]
[EventCountry "POL"]
[Tiebreak "Cut1 Buchholz"]
[SourceTitle "playchess.com"]
[Source "ChessBase"]
[SourceQuality "1"]

1. d4 Nf6 2. Nf3 g6 3. Nbd2 Bg7 4. e4 d6 5. Bd3 O-O 6. O-O Nc6 7. c3 e5 8. dxe5
Nxe5 9. Nxe5 dxe5 10. Nc4 Nh5 11. a4 Qf6 12. Qe2 Rd8 13. Be3 Nf4 14. Bxf4 Qxf4
15. g3 Qg5 16. h4 Qf6 17. Rfd1 Qe7 18. Qe3 Be6 19. Bf1 h5 20. Be2 b6 21. Qc1
Kh7 22. Qc2 a5 23. Na3 Qc5 24. Kg2 Bh6 25. Rxd8 Rxd8 26. Rd1 Rxd1 27. Qxd1 Kg8
28. Qd3 c6 29. Nc4 Kg7 30. b3 Kg8 31. Qc2 Bf8 32. Nb2 Bd7 33. Bc4 Qd6 34. Qd2
1/2-1/2

[Event "FIDE Open World Blitz 2021"]
[Site "Warsaw"]
[Date "2021.12.29"]
[Round "11.23"]
[White "Heimann, Andreas"]
[Black "Postny, Evgeny"]
[Result "1/2-1/2"]
[WhiteElo "2584"]
[BlackElo "2557"]
[Annotator "ChessBase"]
[PlyCount "145"]
[EventDate "2021.12.29"]
[EventType "swiss"]
[EventCountry "POL"]
[Tiebreak "Cut1 Buchholz"]
[SourceTitle "playchess.com"]
[Source "ChessBase"]
[SourceQuality "1"]

1. e4 e5 2. Nf3 Nc6 3. Bb5 a6 4. Ba4 Nf6 5. d3 d6 6. c3 g6 7. Nbd2 Bg7 8. Nf1
O-O 9. Ng3 Bd7 10. O-O Kh8 11. d4 b5 12. Bb3 Bg4 13. Be3 Na5 14. dxe5 Bxf3 15.
Qxf3 dxe5 16. Rad1 Qe7 17. Bc2 Nc4 18. Bc1 Rad8 19. h3 Rxd1 20. Rxd1 Rd8 21. b3
Rxd1+ 22. Qxd1 Nd6 23. Be3 h5 24. f3 h4 25. Ne2 Nh5 26. Qd2 Bf6 27. Bd3 Ng7 28.
a4 Ne6 29. axb5 axb5 30. c4 bxc4 31. Bxc4 Nxc4 32. bxc4 Bg5 33. Bxg5 Qxg5 34.
Qxg5 Nxg5 35. Kf2 Ne6 36. Ke3 Kg7 37. f4 exf4+ 38. Nxf4 Kf6 39. Nd3 g5 40. Kf3
Nd4+ 41. Ke3 Nc2+ 42. Kf3 Na3 43. c5 Nc4 44. Nb4 Ke5 45. Nc6+ Kf6 46. Nb4 Ne5+
47. Ke3 c6 48. Kd4 Ke6 49. Ke3 Kd7 50. Kd4 Ng6 51. Nd3 Ke6 52. Nb4 Nf4 53. Nxc6
Nxg2 54. Nd8+ Ke7 55. Nc6+ Ke8 56. Ne5 Nf4 57. c6 f6 58. Ng4 Ke7 59. Ke3 Ne6
60. Nh6 Kd6 61. Ng4 Ke7 62. Nh6 Kd6 63. Ng4 Kxc6 64. Nxf6 Nf4 65. Kf3 Nxh3 66.
Kg4 Nf2+ 67. Kf3 Nd3 68. Nh7 Ne5+ 69. Kg2 g4 70. Nf6 g3 71. Nh5 Kd6 72. Nxg3
hxg3 73. Kxg3 1/2-1/2

[Event "FIDE Open World Blitz 2021"]
[Site "Warsaw"]
[Date "2021.12.29"]
[Round "11.24"]
[White "Muradli, Mahammad"]
[Black "Salem, A.R. Saleh"]
[Result "1-0"]
[WhiteElo "2571"]
[BlackElo "2690"]
[Annotator "ChessBase"]
[PlyCount "96"]
[EventDate "2021.12.29"]
[EventType "swiss"]
[EventCountry "POL"]
[Tiebreak "Cut1 Buchholz"]
[SourceTitle "playchess.com"]
[Source "ChessBase"]
[SourceQuality "1"]

1. d4 d5 2. c4 e6 3. Nc3 Nf6 4. cxd5 exd5 5. Bg5 c6 6. e3 h6 7. Bh4 Be7 8. Bd3
O-O 9. Nf3 Ne4 10. Bg3 Bf5 11. O-O Nd7 12. Bxe4 dxe4 13. Nd2 Nf6 14. Be5 Re8
15. Qb3 Qd7 16. Rac1 h5 17. Rfd1 h4 18. h3 Bd8 19. Qc4 Rc8 20. Qe2 Re6 21. a3
b6 22. b4 Nd5 23. Ndxe4 Bxe4 24. Nxe4 f6 25. f4 fxe5 26. dxe5 Bc7 27. Ng5 Rh6
28. Qf3 Qe8 29. Rxd5 cxd5 30. Qxd5+ Kf8 31. b5 Rg6 32. Nh7+ Ke7 33. Ng5 Rxg5
34. fxg5 Qd7 35. Qe4 Qxb5 36. Qf5 Qd7 37. Qe4 Kd8 38. Qxh4 Qe8 39. g6+ Kd7 40.
Qg4+ Ke7 41. Qg5+ Kd7 42. Qf5+ Ke7 43. Rd1 Rd8 44. Rc1 Bb8 45. Rf1 Qg8 46. Qg5+
Ke6 47. Rf7 Bxe5 48. Re7+ Kd5 1-0

[Event "FIDE Open World Blitz 2021"]
[Site "Warsaw"]
[Date "2021.12.29"]
[Round "11.24"]
[White "Kuzmicz, Krystian"]
[Black "Anton Guijarro, David"]
[Result "0-1"]
[WhiteElo "2281"]
[BlackElo "2669"]
[Annotator "ChessBase"]
[PlyCount "132"]
[EventDate "2021.12.29"]
[EventType "swiss"]
[EventCountry "POL"]
[Tiebreak "Cut1 Buchholz"]
[SourceTitle "playchess.com"]
[Source "ChessBase"]
[SourceQuality "1"]

1. e4 c6 2. Nc3 d5 3. f4 dxe4 4. Nxe4 Nf6 5. Nf2 g6 6. Nf3 Bg7 7. g3 c5 8. Bg2
Nc6 9. O-O O-O 10. Re1 Nd5 11. d3 b6 12. Rb1 Bb7 13. Bd2 Rc8 14. a3 e6 15. Ne4
Nd4 16. Ne5 Qc7 17. c3 Nc6 18. Nf3 h6 19. Qe2 Rfe8 20. c4 Nf6 21. Nf2 a5 22.
Bc3 Rcd8 23. Rbd1 Nh5 24. Ng4 Qe7 25. Nge5 Nf6 26. Qf2 Nd7 27. Ng4 Kh7 28. Ne3
Qd6 29. Ng4 Qe7 30. Ne3 Nf6 31. f5 Nd4 32. fxg6+ fxg6 33. Bxd4 cxd4 34. Nc2 Ng4
35. Qe2 Qc5 36. Nd2 Bxg2 37. Kxg2 h5 38. Ne4 Qc6 39. h3 Nf6 40. Kh2 Nxe4 41.
Qxe4 Qa4 42. Re2 b5 43. cxb5 Qxb5 44. Ne1 Rf8 45. Ng2 e5 46. Nh4 Rd6 47. Nf3
Kg8 48. Rde1 a4 49. Ng5 Rdf6 50. Qg2 Qxd3 51. Ne4 R6f7 52. Nd6 Rf3 53. Ne4 Re3
54. Rd2 Qb3 55. Rxe3 dxe3 56. Re2 Qd3 57. Nc3 Bh6 58. Qd5+ Qxd5 59. Nxd5 Rb8
60. Kg2 e4 61. Nc3 Kf7 62. Nxa4 Ke6 63. Nc3 Ke5 64. a4 Kd4 65. a5 Kd3 66. Re1
Rxb2+ 0-1

[Event "FIDE Open World Blitz 2021"]
[Site "Warsaw"]
[Date "2021.12.29"]
[Round "11.25"]
[White "Zvjaginsev, Vadim"]
[Black "Kadric, Denis"]
[Result "1-0"]
[WhiteElo "2609"]
[BlackElo "2566"]
[Annotator "ChessBase"]
[PlyCount "45"]
[EventDate "2021.12.29"]
[EventType "swiss"]
[EventCountry "POL"]
[Tiebreak "Cut1 Buchholz"]
[SourceTitle "playchess.com"]
[Source "ChessBase"]
[SourceQuality "1"]

1. c4 d6 2. Nc3 e5 3. g3 f5 4. d4 Be7 5. Bh3 Na6 6. dxe5 dxe5 7. Qxd8+ Bxd8 8.
Nf3 e4 9. Nd4 g6 10. O-O Bf6 11. Ndb5 Ne7 12. Bf4 Be6 13. Nxe4 Bxb2 14. Rab1
Bg7 15. Nxc7+ Nxc7 16. Bxc7 Bxc4 17. Nd6+ Kd7 18. Nxc4 Kxc7 19. Rfc1 Nc6 20.
Na5 Rab8 21. Bg2 Rhc8 22. Nxb7 Rxb7 23. Rxc6+ 1-0

[Event "FIDE Open World Blitz 2021"]
[Site "Warsaw"]
[Date "2021.12.29"]
[Round "11.25"]
[White "Antipov, Mikhail Al."]
[Black "Parligras, Mircea-Emilian"]
[Result "1/2-1/2"]
[WhiteElo "2587"]
[BlackElo "2576"]
[Annotator "ChessBase"]
[PlyCount "125"]
[EventDate "2021.12.29"]
[EventType "swiss"]
[EventCountry "POL"]
[Tiebreak "Cut1 Buchholz"]
[SourceTitle "playchess.com"]
[Source "ChessBase"]
[SourceQuality "1"]

1. e4 e5 2. Nf3 Nc6 3. Bc4 Bc5 4. O-O Nf6 5. d3 d6 6. c3 O-O 7. Re1 h6 8. Nbd2
a5 9. Nf1 Be6 10. Bb5 Bb6 11. h3 Ne7 12. d4 Ng6 13. Ng3 c6 14. Bd3 Re8 15. a4
Qc7 16. Bc2 Rad8 17. Bd2 Qc8 18. Be3 Bc7 19. Qc1 Bxh3 20. Bxh6 Bg4 21. Nf5 Nh5
22. Nh2 Bxf5 23. exf5 Ngf4 24. Bxf4 Nxf4 25. g3 Nh5 26. Ng4 Nf6 27. Nxf6+ gxf6
28. Qh6 e4 29. Bxe4 d5 30. Bd3 Rxe1+ 31. Rxe1 Re8 32. Rf1 Bd6 33. Kg2 Bf8 34.
Qxf6 Qd8 35. Qxd8 Rxd8 36. g4 f6 37. f4 Re8 38. Kf3 Kf7 39. g5 Bd6 40. Rh1 Kg7
41. Rh6 Be7 42. Kg4 Rh8 43. Rxh8 Kxh8 44. Be2 Kg7 45. Bf3 Bd6 46. b3 Ba3 47. c4
Bb2 48. cxd5 cxd5 49. Bxd5 b6 50. Kf3 Bxd4 51. Ke4 Bf2 52. Bc4 Bg1 53. Be2 Bf2
54. Kd5 Be3 55. Ke6 Bd4 56. Bd3 Bc3 57. Kd5 Bd2 58. Ke6 Bc3 59. Be4 Bd4 60. Bc6
Bc3 61. Bb5 Bd4 62. Bc4 Bc3 63. Bd5 1/2-1/2

[Event "FIDE Open World Blitz 2021"]
[Site "Warsaw"]
[Date "2021.12.29"]
[Round "11.26"]
[White "Vidit, Santosh Gujrathi"]
[Black "Dvirnyy, Danyyil"]
[Result "1-0"]
[WhiteElo "2727"]
[BlackElo "2493"]
[Annotator "ChessBase"]
[PlyCount "122"]
[EventDate "2021.12.29"]
[EventType "swiss"]
[EventCountry "POL"]
[Tiebreak "Cut1 Buchholz"]
[SourceTitle "playchess.com"]
[Source "ChessBase"]
[SourceQuality "1"]

1. e4 e5 2. Nf3 Nc6 3. Bc4 Nf6 4. d3 Bc5 5. c3 O-O 6. b4 Be7 7. O-O d5 8. exd5
Nxd5 9. a4 Be6 10. Re1 a6 11. a5 Qd7 12. Qc2 f5 13. Nxe5 Nxe5 14. Rxe5 Bf6 15.
Re2 Rae8 16. d4 f4 17. Nd2 Kh8 18. Bb2 Bf5 19. Rxe8 Rxe8 20. Bd3 Bxd3 21. Qxd3
c6 22. Kf1 Qe6 23. Nf3 Nc7 24. c4 Qd6 25. Bc3 Rd8 26. Re1 Ne6 27. Qe4 Nf8 28.
h4 h6 29. h5 Qd7 30. Qxf4 Qf7 31. d5 cxd5 32. Bxf6 Qxf6 33. Qxf6 gxf6 34. Rd1
Re8 35. Rxd5 Re4 36. Rd4 Re6 37. b5 Kg7 38. b6 Rc6 39. Rg4+ Kf7 40. Nd2 Rc5 41.
Nb3 Rxh5 42. c5 Ne6 43. Rc4 Rh1+ 44. Ke2 Rb1 45. Nd2 Rb5 46. Ne4 Ke7 47. Ke3 f5
48. Nd6 Rb3+ 49. Kd2 Nd8 50. Nxf5+ Kf6 51. Nd4 Rb2+ 52. Ke3 Ke5 53. c6 bxc6 54.
Nxc6+ Nxc6 55. Rxc6 Rb5 56. Rxh6 Rb3+ 57. Kd2 Kd4 58. Kc2 Rc3+ 59. Kb2 Rc5 60.
Rh3 Rxa5 61. b7 Kd5 1-0

[Event "FIDE Open World Blitz 2021"]
[Site "Warsaw"]
[Date "2021.12.29"]
[Round "11.26"]
[White "Ponkratov, Pavel"]
[Black "Lima, Darcy"]
[Result "1-0"]
[WhiteElo "2662"]
[BlackElo "2379"]
[Annotator "ChessBase"]
[PlyCount "59"]
[EventDate "2021.12.29"]
[EventType "swiss"]
[EventCountry "POL"]
[Tiebreak "Cut1 Buchholz"]
[SourceTitle "playchess.com"]
[Source "ChessBase"]
[SourceQuality "1"]

1. e4 e5 2. Nf3 Nc6 3. d4 exd4 4. Nxd4 g6 5. Nc3 Bg7 6. Be3 Nf6 7. Nxc6 bxc6 8.
e5 Ng8 9. f4 f6 10. Qe2 Qe7 11. Bd4 fxe5 12. Bxe5 Bxe5 13. fxe5 Nh6 14. O-O-O
Nf7 15. Re1 O-O 16. Qe4 d5 17. exd6 Qxe4 18. Nxe4 cxd6 19. h4 h6 20. Bd3 Kg7
21. Rhf1 Bf5 22. h5 Ne5 23. Nxd6 Nxd3+ 24. cxd3 Bxd3 25. Re7+ Kg8 26. Rd1 Rf1
27. Rxf1 Bxf1 28. hxg6 Bxg2 29. Nf5 Be4 30. Rxe4 1-0

[Event "FIDE Open World Blitz 2021"]
[Site "Warsaw"]
[Date "2021.12.29"]
[Round "11.27"]
[White "Predke, Alexandr"]
[Black "Puranik, Abhimanyu"]
[Result "1-0"]
[WhiteElo "2627"]
[BlackElo "2604"]
[Annotator "ChessBase"]
[PlyCount "63"]
[EventDate "2021.12.29"]
[EventType "swiss"]
[EventCountry "POL"]
[Tiebreak "Cut1 Buchholz"]
[SourceTitle "playchess.com"]
[Source "ChessBase"]
[SourceQuality "1"]

1. d4 Nf6 2. c4 g6 3. Nc3 d5 4. cxd5 Nxd5 5. e4 Nxc3 6. bxc3 Bg7 7. Nf3 c5 8.
Be2 Nc6 9. d5 Bxc3+ 10. Bd2 Bxa1 11. Qxa1 Nd4 12. Nxd4 cxd4 13. Qxd4 f6 14. h4
Qb6 15. Qd3 Bd7 16. h5 Kf7 17. O-O Rac8 18. Rb1 Qc7 19. Bd1 b6 20. Bb3 Qd6 21.
Qf3 Rhg8 22. Bf4 Qc5 23. e5 Bf5 24. e6+ Kg7 25. h6+ Kh8 26. Rd1 Qb4 27. d6 Rc3
28. Bd2 Rxf3 29. Bxb4 Rxb3 30. axb3 exd6 31. Rxd6 Re8 32. e7 1-0

[Event "FIDE Open World Blitz 2021"]
[Site "Warsaw"]
[Date "2021.12.29"]
[Round "11.27"]
[White "Krasenkow, Michal"]
[Black "Gdanski, Jacek"]
[Result "0-1"]
[WhiteElo "2576"]
[BlackElo "2367"]
[Annotator "ChessBase"]
[PlyCount "52"]
[EventDate "2021.12.29"]
[EventType "swiss"]
[EventCountry "POL"]
[Tiebreak "Cut1 Buchholz"]
[SourceTitle "playchess.com"]
[Source "ChessBase"]
[SourceQuality "1"]

1. Nf3 c5 2. c4 g6 3. d4 Bg7 4. d5 d6 5. e4 Nf6 6. Nc3 O-O 7. h3 e6 8. Bd3 Na6
9. O-O e5 10. Bg5 h6 11. Be3 Nh7 12. Qc1 f5 13. Bxh6 Nb4 14. Be2 f4 15. Bxg7
Kxg7 16. a3 Na6 17. Nh2 Ng5 18. Qd1 Bxh3 19. gxh3 Nxh3+ 20. Kh1 Rh8 21. Bg4 Qh4
22. Qf3 Ng5 23. Qg2 f3 24. Qg3 Raf8 25. Kg1 Qh6 26. Nd1 Nxe4 0-1

[Event "FIDE Open World Blitz 2021"]
[Site "Warsaw"]
[Date "2021.12.29"]
[Round "11.28"]
[White "Bartel, Mateusz"]
[Black "Blanco Acevedo, Cristobal Jose"]
[Result "1-0"]
[WhiteElo "2619"]
[BlackElo "2350"]
[Annotator "ChessBase"]
[PlyCount "57"]
[EventDate "2021.12.29"]
[EventType "swiss"]
[EventCountry "POL"]
[Tiebreak "Cut1 Buchholz"]
[SourceTitle "playchess.com"]
[Source "ChessBase"]
[SourceQuality "1"]

1. Nf3 c5 2. b3 Nc6 3. Bb2 Nf6 4. e3 e6 5. c4 Be7 6. Nc3 O-O 7. d4 cxd4 8. Nxd4
d5 9. Nxc6 bxc6 10. Be2 Bb7 11. O-O Qa5 12. Qc2 Rac8 13. Rfd1 Rfd8 14. Na4 Ne4
15. Bd3 f5 16. Qe2 Qc7 17. Bxe4 dxe4 18. Rxd8+ Rxd8 19. Rd1 e5 20. Rxd8+ Bxd8
21. Qd2 Bf6 22. Ba3 f4 23. Nc5 f3 24. Nxe4 fxg2 25. Qd6 Qxd6 26. Bxd6 Kf7 27.
Bc5 Ke6 28. Bxa7 Kf5 29. Nd6+ 1-0

[Event "FIDE Open World Blitz 2021"]
[Site "Warsaw"]
[Date "2021.12.29"]
[Round "11.28"]
[White "Sadhwani, Raunak"]
[Black "Quparadze, Giga"]
[Result "0-1"]
[WhiteElo "2562"]
[BlackElo "2475"]
[Annotator "ChessBase"]
[PlyCount "100"]
[EventDate "2021.12.29"]
[EventType "swiss"]
[EventCountry "POL"]
[Tiebreak "Cut1 Buchholz"]
[SourceTitle "playchess.com"]
[Source "ChessBase"]
[SourceQuality "1"]

1. d4 Nf6 2. Nf3 e6 3. Bf4 c5 4. e3 cxd4 5. exd4 b6 6. h3 Be7 7. Be2 O-O 8. O-O
Bb7 9. a4 a6 10. Bh2 d6 11. Nbd2 Re8 12. a5 b5 13. c4 bxc4 14. Nxc4 Nc6 15. Qa4
Nd5 16. Rfc1 Ncb4 17. Nfd2 Bc6 18. Qa3 Bb5 19. Bf1 f5 20. Qg3 Bf8 21. b3 Rc8
22. Nf3 Rc6 23. Rab1 Na2 24. Rc2 Nac3 25. Re1 Ne4 26. Rxe4 fxe4 27. Nfd2 Nf6
28. Rc3 Nd5 29. Rc1 Nf6 30. Rc3 d5 31. Ne5 Rxc3 32. Qxc3 Bxf1 33. Nxf1 Bd6 34.
Qc6 Bxe5 35. Bxe5 Qc8 36. Qd6 Nd7 37. Bg3 Qb7 38. Ne3 Nf8 39. Qb6 Re7 40. Qc5
Rf7 41. Ng4 Qxb3 42. Ne5 Rb7 43. Qc8 Qd1+ 44. Kh2 Rb1 45. Bf4 Qg1+ 46. Kg3 Rb3+
47. f3 Rb2 48. Ng4 Qe1+ 49. Kh2 exf3 50. Ne3 fxg2 0-1

[Event "FIDE Open World Blitz 2021"]
[Site "Warsaw"]
[Date "2021.12.29"]
[Round "11.29"]
[White "Tang, Andrew"]
[Black "Fridman, Daniel"]
[Result "0-1"]
[WhiteElo "2588"]
[BlackElo "2626"]
[Annotator "ChessBase"]
[PlyCount "58"]
[EventDate "2021.12.29"]
[EventType "swiss"]
[EventCountry "POL"]
[Tiebreak "Cut1 Buchholz"]
[SourceTitle "playchess.com"]
[Source "ChessBase"]
[SourceQuality "1"]

1. d4 d5 2. Bf4 Nf6 3. e3 c5 4. Nf3 Nc6 5. Nbd2 Qb6 6. dxc5 Qxb2 7. Rb1 Qc3 8.
Bb5 e6 9. O-O Be7 10. Nd4 Qxc5 11. N2b3 Qb6 12. Na1 Qc5 13. Nab3 Qb6 14. Na5
Qxa5 15. Nxc6 bxc6 16. Bxc6+ Bd7 17. Bxa8 O-O 18. Bb7 Bb5 19. Bc7 Qa4 20. c4
Qxc4 21. Re1 a6 22. Qc1 Qxa2 23. Ra1 Qb3 24. Bxa6 Bxa6 25. Rxa6 Ne4 26. Be5 Qd3
27. Ra2 h6 28. Rd1 Qb3 29. Qb2 Qxd1# 0-1

[Event "FIDE Open World Blitz 2021"]
[Site "Warsaw"]
[Date "2021.12.29"]
[Round "11.29"]
[White "Heberla, Bartlomiej"]
[Black "Berchtenbreiter, Maximilian"]
[Result "0-1"]
[WhiteElo "2373"]
[BlackElo "2506"]
[Annotator "ChessBase"]
[PlyCount "54"]
[EventDate "2021.12.29"]
[EventType "swiss"]
[EventCountry "POL"]
[Tiebreak "Cut1 Buchholz"]
[SourceTitle "playchess.com"]
[Source "ChessBase"]
[SourceQuality "1"]

1. d4 Nf6 2. Nf3 g6 3. Nbd2 c5 4. dxc5 Na6 5. e4 Nxc5 6. e5 Nd5 7. Ne4 e6 8.
Nd6+ Bxd6 9. exd6 b6 10. c4 Nf6 11. Qd4 Bb7 12. Bh6 Rg8 13. O-O-O a5 14. Bd3
Nfe4 15. Rhe1 f5 16. h4 Qf6 17. Bxe4 Qxd4 18. Nxd4 Bxe4 19. f3 Nd3+ 20. Rxd3
Bxd3 21. b3 Rc8 22. Kd2 Bxc4 23. bxc4 Rxc4 24. Kd3 Rc5 25. Rb1 e5 26. Nb5 Kf7
27. Rc1 Rxb5 0-1

[Event "FIDE Open World Blitz 2021"]
[Site "Warsaw"]
[Date "2021.12.29"]
[Round "11.30"]
[White "Gagunashvili, Merab"]
[Black "Howell, David W L"]
[Result "1/2-1/2"]
[WhiteElo "2575"]
[BlackElo "2648"]
[Annotator "ChessBase"]
[PlyCount "170"]
[EventDate "2021.12.29"]
[EventType "swiss"]
[EventCountry "POL"]
[Tiebreak "Cut1 Buchholz"]
[SourceTitle "playchess.com"]
[Source "ChessBase"]
[SourceQuality "1"]

1. d4 d5 2. Nf3 Nf6 3. c4 c6 4. e3 a6 5. Bd3 Bg4 6. Nbd2 e6 7. O-O Nbd7 8. b3
Bd6 9. Bb2 O-O 10. Qc2 Qb8 11. h3 Bh5 12. Rac1 Bg6 13. e4 dxe4 14. Nxe4 Nxe4
15. Bxe4 a5 16. Bxg6 hxg6 17. Qe4 Re8 18. Ne5 Nf6 19. Qf3 a4 20. Rfd1 axb3 21.
axb3 Ba3 22. Qe2 Qd6 23. Ra1 Bxb2 24. Qxb2 Red8 25. Nf3 Qb4 26. Qc2 Ra5 27.
Rxa5 Qxa5 28. Qd2 Qa3 29. Qc2 Ra8 30. Ne5 Qb4 31. Nd3 Qd6 32. Ne5 Ra3 33. c5
Qd8 34. Nc4 Ra7 35. Qb2 Nd5 36. g3 Qa8 37. Rd2 Ra1+ 38. Kg2 Qa6 39. Rc2 Ne7 40.
Rc1 Ra2 41. Qc3 Nf5 42. Rd1 Qa8 43. Rd2 Ra6 44. Ne3 Ne7 45. Nc4 Nd5 46. Qb2 Qd8
47. Ne3 Nf6 48. Qc2 Ra3 49. Qb2 Ra7 50. Qc2 Qa8 51. Nc4 Ra1 52. Rd1 Ra2 53. Qd3
Qd8 54. Nd6 Qa8 55. Rd2 Ra1 56. Rd1 Ra3 57. Nc4 Ra2 58. Rd2 Ra6 59. Rd1 Nd5 60.
Rd2 Ne7 61. Nd6 Ra1 62. Rd1 Ra2 63. Rd2 Ra1 64. Rd1 Ra3 65. Rd2 Nf5 66. Nxf5
gxf5 67. g4 fxg4 68. hxg4 Qd8 69. Qf3 Qg5 70. Rd1 g6 71. Rh1 Kg7 72. Qh3 Kf8
73. Qh8+ Ke7 74. Qh3 Qf4 75. Rd1 Qe4+ 76. Kh2 Qc2 77. Qg3 Qxd1 78. Qd6+ Ke8 79.
Qb8+ Ke7 80. Qd6+ Kf6 81. Qe5+ Ke7 82. Qd6+ Ke8 83. Qb8+ Kd7 84. Qxb7+ Ke8 85.
Qb8+ Ke7 1/2-1/2

[Event "FIDE Open World Blitz 2021"]
[Site "Warsaw"]
[Date "2021.12.29"]
[Round "11.30"]
[White "Carlsson, Pontus"]
[Black "Jakubowski, Krzysztof"]
[Result "0-1"]
[WhiteElo "2457"]
[BlackElo "2373"]
[Annotator "ChessBase"]
[PlyCount "100"]
[EventDate "2021.12.29"]
[EventType "swiss"]
[EventCountry "POL"]
[Tiebreak "Cut1 Buchholz"]
[SourceTitle "playchess.com"]
[Source "ChessBase"]
[SourceQuality "1"]

1. e4 c6 2. d3 d5 3. Nd2 e5 4. Ngf3 Bd6 5. d4 exd4 6. exd5 Nf6 7. dxc6 Nxc6 8.
Be2 O-O 9. O-O Qc7 10. Nb3 Rd8 11. Bg5 Bf5 12. Bd3 Bg6 13. h3 Be7 14. Re1 a5
15. a3 a4 16. Nbd2 Re8 17. Nc4 Nd5 18. Bxe7 Rxe7 19. Rxe7 Ndxe7 20. Qe2 Nd5 21.
Re1 h6 22. Bxg6 fxg6 23. Qe4 Nf4 24. g3 Nxh3+ 25. Kg2 Ng5 26. Nxg5 hxg5 27.
Qxg6 Qf7 28. Qxf7+ Kxf7 29. Nd6+ Kf6 30. Ne4+ Kg6 31. Nc5 Ra5 32. Nxb7 Rb5 33.
Re6+ Kf5 34. Nd6+ Kxe6 35. Nxb5 g4 36. f3 gxf3+ 37. Kxf3 Kd5 38. Nc7+ Ke5 39.
Nb5 Na5 40. c3 d3 41. Ke3 Nc4+ 42. Kxd3 Nxb2+ 43. Ke3 Nc4+ 44. Kf3 Kd5 45. Nc7+
Kc6 46. Ne6 Nxa3 47. Nxg7 Nb5 48. c4 Nd4+ 49. Ke4 a3 50. Kxd4 a2 0-1

[Event "FIDE Open World Blitz 2021"]
[Site "Warsaw"]
[Date "2021.12.29"]
[Round "11.31"]
[White "Van Foreest, Jorden"]
[Black "Dreev, Aleksey"]
[Result "1-0"]
[WhiteElo "2566"]
[BlackElo "2635"]
[Annotator "ChessBase"]
[PlyCount "83"]
[EventDate "2021.12.29"]
[EventType "swiss"]
[EventCountry "POL"]
[Tiebreak "Cut1 Buchholz"]
[SourceTitle "playchess.com"]
[Source "ChessBase"]
[SourceQuality "1"]

1. e4 c6 2. d4 d5 3. exd5 cxd5 4. c4 Nf6 5. Nc3 g6 6. Nf3 Bg7 7. cxd5 O-O 8.
Bc4 Nbd7 9. O-O Nb6 10. Qb3 Nxc4 11. Qxc4 Bf5 12. Re1 a6 13. Qb3 b5 14. Ne5 Re8
15. Bg5 h6 16. Bf4 Qb6 17. Rad1 g5 18. Bg3 Nh5 19. Na4 Qf6 20. Nc5 Nxg3 21.
hxg3 Qd6 22. Qf3 Bg6 23. Ne6 fxe6 24. Nxg6 exd5 25. Nxe7+ Kh8 26. Qf7 Qf6 27.
Qxd5 Rad8 28. Qe4 Qf7 29. d5 Bxb2 30. d6 Bf6 31. Rc1 Bxe7 32. dxe7 Rd7 33. Rc7
Rexe7 34. Qxe7 Rxc7 35. Qd6 Kg7 36. Qxa6 Rc2 37. Qb6 Rxa2 38. Qd4+ Kg6 39. Qd6+
Kh5 40. f3 Qa7+ 41. Kh2 Ra6 42. g4+ 1-0

[Event "FIDE Open World Blitz 2021"]
[Site "Warsaw"]
[Date "2021.12.29"]
[Round "11.31"]
[White "Samunenkov, Ihor"]
[Black "Sadzikowski, Daniel"]
[Result "1/2-1/2"]
[WhiteElo "2348"]
[BlackElo "2415"]
[Annotator "NA"]
[PlyCount "167"]
[EventDate "2021.12.29"]
[EventType "swiss"]
[EventCountry "POL"]
[Tiebreak "Cut1 Buchholz"]
[SourceTitle "playchess.com"]
[Source "ChessBase"]
[SourceQuality "1"]

1. d4 Nf6 2. g3 d5 3. Nf3 c6 4. c4 g6 5. Bg2 Bg7 6. cxd5 cxd5 7. O-O O-O 8. Ne5
Ng4 9. Bf4 Nxe5 10. Bxe5 Nc6 11. Bxg7 Kxg7 12. Nc3 e6 13. Qd2 Qb6 14. Rad1 Rd8
15. h4 h5 16. b3 Bd7 17. Qg5 Be8 18. e4 Qa5 19. Qe3 dxe4 20. Bxe4 Rac8 21. d5
Ne5 22. Ne2 Ng4 23. Qd4+ e5 24. Qb2 Qc7 25. Rc1 Qd6 26. Nc3 a6 27. Rfe1 Kg8 28.
Bf3 Nf6 29. Qe2 Rc7 30. Qxe5 Qxe5 31. Rxe5 Rdc8 32. d6 Rd7 33. Ne2 Rxc1+ 34.
Nxc1 Rxd6 35. Ne2 Bc6 36. Bxc6 Rxc6 37. Nd4 Rd6 38. Nf3 Kf8 39. Kg2 Rc6 40. Re2
Rc7 41. Ne5 Re7 42. Kf3 Nd5 43. a4 Nb4 44. Nc4 Rxe2 45. Kxe2 Ke7 46. Ke3 Ke6
47. Ke4 Nc6 48. Ne3 Na5 49. b4 Nc6 50. b5 axb5 51. axb5 Na7 52. b6 Nc8 53. Nd5
Nd6+ 54. Kd4 Nb5+ 55. Kc5 Na3 56. Ne3 Ke5 57. Kb4 Nb1 58. Nc4+ Ke6 59. Kb3 Kd5
60. Ne3+ Kc6 61. Nc4 Kc5 62. Ne5 Kxb6 63. Nxf7 Nd2+ 64. Kb4 Ne4 65. Ne5 Nxf2
66. Nxg6 Ne4 67. Nf4 Nxg3 68. Kc4 Kc6 69. Kb4 b5 70. Kb3 Kc5 71. Kc3 b4+ 72.
Kb3 Kb5 73. Nd5 Nf5 74. Nxb4 Nxh4 75. Kc3 Nf5 76. Nd3 h4 77. Nf4 Kc5 78. Kd3
Kd6 79. Ke4 Nh6 80. Kf3 Kc5 81. Ng6 h3 82. Kg3 Ng4 83. Kxh3 Ne5 84. Nxe5
1/2-1/2